000 00319nam a22001217a 4500
008 160425b xxu||||| |||| 00| 0 eng d
020 _a9780766805026
020 _a0766805026
041 _aeng
080 _a618.2
245 _aTharmacological aspects of nursing care;
_cBarry S. Reiss ; Mary E. Evans;
942 _2udc
_cBK
999 _c1577
_d1577